000 00538nam a2200193Ia 4500
005 20250326141724.0
008 250326s9999 xx 000 0 und d
020 _a81-7141-087-1
037 _aTextbook
040 _aFMSL
_beng
_cFMSL
041 _aeng
_2eng
084 _aX:9 N0;1
_qFMSL
100 _aRao CH Rp
_9744957
245 0 _aHuman resources management in municipalities
_cRao CH Rp
260 _aNew Delhi
_bNew Delhi, Discovery
_c1990
300 _a432p
942 _cTB
_hX:9 N0;1
999 _c1291657
_d1291657